Ewige Tabelle der UEFA Europa League - Statistiken

Allgemein
  • Dieses Quiz wurde 226 mal gespielt
  • Das Durchschnittsergebnis liegt bei 35 aus 50
Antwortstatistiken
# Punkte Nation Verein % Korrekt
37. 166 POR FC Porto
96%
3. 310 ITA AS Rom
94%
6. 264 NED Ajax Amsterdam
93%
12. 242 POR Benfica Lissabon
93%
34. 172 ITA AC Mailand
91%
5. 278 SPA FC Sevilla
91%
9. 248 ITA Juventus Turin
89%
25. 200 GER Eintracht Frankfurt
87%
16. 215 NED Feyenoord Rotterdam
87%
7. 256 NED PSV Eindhoven
87%
8. 251 ITA Lazio Rom
85%
2. 313 POR Sporting Lissabon
84%
1. 319 ITA Inter Mailand
82%
27. 192 SCO Glasgow Rangers
80%
4. 287 ENG Tottenham Hotspur
79%
11. 245 GER Bayer Leverkusen
78%
14. 231 ENG FC Liverpool
78%
33. 174 GER FC Schalke 04
78%
31. 179 FRA Olympique Lyon
78%
39. 164 FRA Olympique Marseille
78%
19. 208 GER Hamburger SV
76%
50. 150 ENG Manchester United
75%
41. 162 ENG FC Arsenal
74%
29. 183 ITA SSC Neapel
74%
15. 228 SPA FC Valencia
73%
17. 209 BEL FC Club Brügge
72%
35. 172 AUS RB Salzburg
69%
13. 240 BEL RSC Anderlecht
69%
18. 208 GER VfB Stuttgart
69%
45. 156 GER SV Werder Bremen
68%
36. 171 RUS Zenit St. Petersburg
68%
48. 153 CZE Sparta Prag
66%
23. 202 GER Borussia M'gladbach
65%
21. 206 SPA Atletico Madrid
64%
49. 151 CRO Dinamo Zagreb
64%
46. 155 SER Roter Stern Belgrad
64%
28. 189 POR SC Braga
64%
44. 157 ITA AC Florenz
60%
24. 202 SPA Athletic Bilbao
59%
30. 182 CZE Slavia Prag
56%
10. 247 SPA FC Villareal
54%
38. 165 TUR Fenerbahce Istanbul
53%
32. 176 GER 1. FC Köln
49%
40. 164 UKR Dynamo Kiew
46%
20. 208 RUS Spartak Moskau
44%
22. 203 FRA Girondins Bordeaux
41%
26. 193 NED AZ Alkmaar
40%
43. 157 ITA Parma Calcio
33%
42. 159 BEL Standard Lüttich
32%
47. 154 GRE PAOK Saloniki
23%
Keine übereinstimmenden Quizze gefunden
Verteilung der Resultate
Anzahl Personen mit jedem Resultat
Perzentil nach korrekt beantworteten Fragen
Ihre Resultats-Entwicklung
Sie haben dieses Quiz noch nicht gespielt